| 000 | 02878pam a2200589 i 4500 | ||
|---|---|---|---|
| 001 | 2023018650 | ||
| 003 | DLC | ||
| 005 | 20251003103958.0 | ||
| 008 | 230623s2025 nyua c 6 000 0 eng | ||
| 010 | _a 2023018650 | ||
| 020 |
_a9780593709832 _q(library binding) |
||
| 020 |
_a9780593709818 _q(paperback) |
||
| 020 |
_a9780593709825 _q(hardcover) |
||
| 020 |
_z9780593709849 _q(ebook) |
||
| 035 | _a(OCoLC)1463583895 | ||
| 040 |
_aDLC _beng _erda _cDLC _dTnLvILS |
||
| 042 |
_apcc _acyac |
||
| 050 | 0 | 0 |
_aPZ7.7.G713 _bMr 2025 |
| 082 | 0 | 0 |
_a741.5/973 _223/eng/20230623 |
| 100 | 1 |
_aGrabenstein, Chris, _eauthor. _972169 |
|
| 245 | 1 | 0 |
_aMr. Lemoncello's library olympics : _bthe graphic novel / _cChris Grabenstein ; illustrated by Douglas Holgate ; with colors by Marta Todeschini |
| 246 | 3 | 0 |
_aMister Lemoncello's library Olympics : _bthe graphic novel |
| 264 | 1 |
_aNew York, NY : _bRandom House Books for Young Readers, _c[2025] |
|
| 300 |
_a249 pages : _bchiefly color illustrations ; _c21 cm. |
||
| 336 | _atext | ||
| 336 | _astill image | ||
| 337 | _aunmediated | ||
| 338 | _avolume | ||
| 490 | 1 |
_aMr. Lemoncello's library ; _v2 |
|
| 500 | _a"Adapted from Mr. Lemoncello's library Olympics, published by Random House Children's Books, a division of Penguin Random House LLC, New York, in 2016"--Title page verso. | ||
| 521 | 1 |
_aAges 8-12. _bRandom House Children's Books. |
|
| 520 |
_a"Kyle and his friends are back in Mr. Lemoncello's library to compete in his extravagant library olympics"-- _cProvided by publisher. |
||
| 650 | 0 |
_aLibraries _vComic books, strips, etc. _96457141 |
|
| 650 | 0 |
_aContests _vComic books, strips, etc. _95792341 |
|
| 650 | 0 |
_aBooks and reading _vComic books, strips, etc. _95792398 |
|
| 650 | 0 |
_aCensorship _vComic books, strips, etc. _96553145 |
|
| 650 | 0 |
_aEccentrics and eccentricities _vComic books, strips, etc. _96553146 |
|
| 650 | 1 |
_aLibraries _vFiction. _95676033 |
|
| 650 | 1 |
_aContests _vFiction. _95678324 |
|
| 650 | 1 |
_aBooks and reading _vFiction. _95684815 |
|
| 650 | 1 |
_aCensorship _vFiction. _95679218 |
|
| 650 | 1 |
_aEccentrics and eccentricities _vFiction. _95687813 |
|
| 650 | 1 | _aCartoons and comics. | |
| 655 | 7 |
_aGraphic novel adaptations. _2lcgft _95803233 |
|
| 655 | 7 |
_aGraphic novels. _2lcgft |
|
| 655 | 7 |
_aComics (Graphic works) _2lcgft _95689343 |
|
| 700 | 1 |
_iGraphic novelization of (work): _aGrabenstein, Chris. _tMr. Lemoncello's library. _96496537 |
|
| 700 | 1 |
_aHolgate, Douglas, _eillustrator. _95717678 |
|
| 700 | 1 |
_aTodeschini, Marta _c(Artist), _eartist. _96553147 |
|
| 776 | 0 | 8 |
_iOnline version: _aGrabenstein, Chris. _tMr. Lemoncello's library olympics _bFirst graphic novel edition. _dNew York : Random House Children's Books, 2025 _z9780593709849 _w(DLC) 2023018651 |
| 800 | 1 |
_aGrabenstein, Chris. _tMr. Lemoncello's library. _96496537 |
|
| 999 |
_c412229 _d412229 |
||